00623nam a2200229 a 4500001001300000003000900013005001700022008004100039020001200080082001600092100001800108245002200126260004000148300000800188500003500196505001000231650002600241902000800267942000700275952009600282999001500378nice12345678IN_TiNIC20260116012548.0050524s1962 chea grd 000 0 eng  ac71.0500a230.12bAUG aAugustine, St aCity of God (DVD) aChennai bLilly Soosai Opset c1962 a00p aincludes index and biblioraphy2 aIndex aTheology-Early Church bSRS cND 00104070aHMIbHMId2012-10-22g71.05l0o230.12 AUGp012039r2012-10-22w2026-01-16yEB c7471d7471